Road to purgatory (Бичлэгийн дугаар. 145424)
| 000 -УДИРДЛАГА | |
|---|---|
| Удирдлага | 00676nam a22002537a 4500 |
| 003 - ХЯНАЛТЫН ТОО ТОДОРХОЙЛОГЧ | |
| Код | MN-UlNUM |
| 005 - БИЧИЛТ ХИЙСЭН ОГНОО | |
| Тухайн бичилтийг бичсэн засварласан сүүлийн огноо | 20251107134855.0 |
| 008 - ЕРӨНХИЙ МЭДЭЭЛЭЛ | |
| Ерөнхий мэдээлэл | 251107s2004 nyu||||| |||| 001 0 eng d |
| 020 ## - ISBN | |
| ISBN | 0060540273 |
| 040 ## - БИЧЛЭГ ҮҮСГЭГЧ БАЙГУУЛЛАГА | |
| Бичлэг үүсгэгч номын сангийн код | МУИС-ийн номын сан |
| 084 ## - ББК АНГИЛАЛ | |
| Нэмэлт тусгалт | Нэг сэдэвт бүтээл |
| ББК ангилал | 84(7) |
| Зохиогчийн гурван тэмдэгт | C 69 |
| Мэдлэгийн ялгаа | 84 - Уран зохиол |
| 100 1# - ЗОХИОГЧ | |
| Зохиогчийн нэр | Collins, Max Allan. |
| 245 10 - ҮНДСЭН ГАРЧИГ | |
| Номын нэр | Road to purgatory |
| Оролцогчдын тухай мэдээ | Max A. Collins. |
| 260 ## - ГАРАЛТЫН МЭДЭЭ | |
| Хэвлэгдсэн газар | New York : |
| Хэвлэлийн газар | William Morrow, |
| Хэвлэгдсэн он | 2004. |
| 300 ## - МАТЕРИАЛЫН ТОДОРХОЙЛОЛТ | |
| хуудасны тоо | 288 p. ; |
| Хэмжээ | 24 cm. |
| 500 ## - Тайлбар | |
| Дансны дугаар | БС 2007 |
| 546 ## - ХЭЛНИЙ ТУХАЙ МЭДЭЭ | |
| Хэл | Англи хэл дээр, |
| 653 ## - Түлхүүр үг | |
| Түлхүүр үг | irish Americans $v Fiction. |
| 653 ## - Түлхүүр үг | |
| Түлхүүр үг | organized crime $v Fictio |
| 653 ## - Түлхүүр үг | |
| Түлхүүр үг | criminals $v Fiction. |
| 653 ## - Түлхүүр үг | |
| Түлхүүр үг | adoptees $v Fiction. |
| 942 ## - ЭЛЕМЕНТИЙН ТӨРӨЛ | |
| Зүйлийн төрөл | Ном |
